दबे पाँव... प्यार / (Record no. 153267)

MARC details
000 -LEADER
fixed length control field 01222nam a22002897a 4500
003 - CONTROL NUMBER IDENTIFIER
control field dpl
005 - DATE AND TIME OF LATEST TRANSACTION
control field 20180702134743.0
008 - FIXED-LENGTH DATA ELEMENTS--GENERAL INFORMATION
fixed length control field 180702b xxu||||| |||| 00| 0 eng d
010 ## - LIBRARY OF CONGRESS CONTROL NUMBER
LC control number B-195936
020 ## - INTERNATIONAL STANDARD BOOK NUMBER
Terms of availability 180.00
International Standard Book Number 8185309817
035 ## - SYSTEM CONTROL NUMBER
System control number B-195936
037 ## - SOURCE OF ACQUISITION
Source of stock number/acquisition BPPD/PUB
040 ## - CATALOGING SOURCE
Original cataloging agency DPL
Language of cataloging HN
Transcribing agency 0
082 ## - DEWEY DECIMAL CLASSIFICATION NUMBER
Classification number
Item number श्रीवस्त
100 ## - MAIN ENTRY--PERSONAL NAME
Personal name श्रीवास्तव,संतोष
9 (RLIN) 9690
245 ## - TITLE STATEMENT
Title दबे पाँव... प्यार /
Remainder of title संतोष,श्रीवास्तव
246 ## - VARYING FORM OF TITLE
Title proper/short title Dabe paanv tatha anya kahaniyan /
Remainder of title by Vrindavan Lal Verma
260 ## - PUBLICATION, DISTRIBUTION, ETC. (IMPRINT)
Place of publication, distribution, etc गाजियाबाद
Name of publisher, distributor, etc अमित प्रकाशन
Date of publication, distribution, etc 2006
270 ## - ADDRESS
Address विनायक कम्प्यूटर्स
City दिल्ली
Postal code 110032
300 ## - PHYSICAL DESCRIPTION
Extent 175 प्,;
Dimensions 21सेमी(सजिल्द)
490 ## - SERIES STATEMENT
Series statement वृंदावनलाल वर्मा ग्रंथमाला
Volume number/sequential designation 23
650 ## - SUBJECT ADDED ENTRY--TOPICAL TERM
Topical term or geographic name as entry element साहित्य--कहानियां
9 (RLIN) 1200
650 ## - SUBJECT ADDED ENTRY--TOPICAL TERM
Topical term or geographic name as entry element हिंदी कहानियां
9 (RLIN) 100337
650 ## - SUBJECT ADDED ENTRY--TOPICAL TERM
Topical term or geographic name as entry element Literature--Stories
9 (RLIN) 100338
650 ## - SUBJECT ADDED ENTRY--TOPICAL TERM
Topical term or geographic name as entry element Hindi stories
9 (RLIN) 100339
942 ## - ADDED ENTRY ELEMENTS (KOHA)
Source of classification or shelving scheme Dewey Decimal Classification
Koha item type Hindi Books
Classification part U
Call number suffix श्रीवस्त
Holdings
Withdrawn status Lost status Source of classification or shelving scheme Damaged status Not for loan Collection code Home library Current library Date acquired Source of acquisition Cost, normal purchase price Total Checkouts Total Renewals Full call number Barcode Date last seen Date checked out Cost, replacement price Price effective from Koha item type
    Dewey Decimal Classification     Fiction Shahdara Branch Shahdara Branch 02/07/2018 BPPD/PUB 180.00 7 4 उ श्रीवस्त B-195936 07/08/2021 24/06/2021 180.00 02/07/2018 Hindi Books
    Dewey Decimal Classification     Fiction Yojana Vihar Yojana Vihar 23/07/2019 BPPD/PUB 180.00 1   U श्रीवस्त B-195937 10/08/2021 03/08/2021 180.00 23/07/2019 Hindi Books

© Delhi Public Library
Hit Counter
free hit counter